Ekonomika a politika ve vnějších vztazích socialistických států

Guardado en:
Detalles Bibliográficos
Autor principal: Černý, Karel
Formato: Libro
Lenguaje:checo
Publicado: Praha Ústav pro mezinárodní politiku a ekonomii 1969
Colección:Prameny a studie k mezinárodním vztahům sv. 20
Etiquetas: Agregar Etiqueta
Sin Etiquetas, Sea el primero en etiquetar este registro!

MARC

LEADER 00000nam a2200000 4500
001 c122015
005 20041019155224.1
041 0 |a cze 
044 |a CZ 
245 1 0 |a Ekonomika a politika ve vnějších vztazích socialistických států  |c Karel Černý 
264 1 |a Praha  |b Ústav pro mezinárodní politiku a ekonomii  |c 1969 
300 |a 236 s. 
490 1 |a Prameny a studie k mezinárodním vztahům  |v sv. 20 
830 0 |a Prameny a studie k mezinárodním vztahům  |v sv. 20 
100 1 |a Černý, Karel